000 00930cam a2200289 4500
001 WS108246
008 000000n 000 0 eng u
035 _a(Sirsi) u108246
110 _aDepartment for Environment, Food and Rural Affairs
_94094
245 _aDEFRA
520 _aGood web site including detailed statistical press releases and information on farming, the countryside, horticulture, animal welfare, food safety and standards and the environment.
650 _aCOUNTRYSIDE
650 _aFARMING
650 _aFORESTRY
650 _aHORTICULTURE
650 _aFOOD SAFETY
650 _aANIMAL WELFARE
650 _aEnvironment
_96238
650 _aGOVERNMENT
650 _aSTATISTICS
650 _aSUSTAINABLE DEVELOPMENT
650 _aPESTS
650 _aBSE
690 _aRURAL
_96268
856 4 0 _uhttps://www.defra.gov.uk
_zView the website free of charge at www.defra.gov.uk...
942 _n0
999 _c119649
_d119649